000 00561nam a2200181Ia 4500
005 20250508164926.0
008 008 250505s9999 xx 000 0 hin d
037 _aDissertations
040 _aFEDL
_beng
_cFEDL
041 _ahin
_2eng
084 _a371.102, MOD/DI
_qFEDL
245 0 _aModern school ki pathyesahagami kriyaon ke karyakarm ka shekshik drishti se alochnatmak addhyan
260 _c1995
300 _a121p.
546 _aM.Ed Dissertation (Delhi University)
942 _cDIS
_h371.102, MOD/DI
999 _c1392064
_d1392064